LEADER 00495nab a2200145 i 4500 001 000000306463 003 CaOOAMICUS 005 20180831172857.0 008 180831n xx uu u0 0mul r 013 $a14923 040 $aSeMil$bita 245 10$aIndici "Liber Annuus" 1981-2007. 650 4$aLiber Annuus - Indici - 1981-2007.$0(OLS)http://semarc/subject/43491 773 0 $t[vedi periodico].$gp.[637]-644$w()271406 996 $6245$aIndici "Liber Annuus" 1981-2007.$9(OLS)http://semarc/title/381875 LEADER 00752nam a2200205 i 4500 001 000000192633 003 CaOOAMICUS 005 20150714000000.0 008 150714s1923 it u000 u ita u 013 $a171257 040 $aSeMil$bita 245 10$aQuaresima 1888 :$bla vita futura. 300 $a246 p. 500 $aFondo card. Giovanni Colombo. 773 0 $aMonsabré, Jacques Marie Louis <1827-1907>$tEsposizione del dogma cattolico.$bEd. stereotipa.$dTorino ; Roma : Marietti, [192-?]$w()32210 850 $aSeMil 852 $aSeMil$W1$xVenegono$y1$m3GC I 397$j143208$B143208$CSeMilBibl$Z2$F154633 $8B 941 1 $a3 961 $aLascito: Colombo Card. Giovanni 996 $6245$aQuaresima 1888 :$bla vita futura$9(OLS)http://semarc/title/277671